Evaluación de proyectos

Wedi'i Gadw mewn:
Manylion Llyfryddiaeth
Prif Awdur: Baca Urbina, Gabriel (autor)
Fformat: Llyfr
Iaith:Sbaeneg
Cyhoeddwyd: Ciudad de México McGraw-Hill 2013
Rhifyn:7a. ed
Pynciau:
Tagiau: Ychwanegu Tag
Dim Tagiau, Byddwch y cyntaf i dagio'r cofnod hwn!

MARC

LEADER 00000cam a2200000 a 4500
001 UCF8287
003 CL-VaPUC
008 130829e20130000mx |||||||||||||||||spa|d
020 |a 9786071509222 
082 0 4 |a 658.404  |b BAC  |2 21 
100 |a Baca Urbina, Gabriel  |e autor  |9 570385 
245 1 0 |a Evaluación de proyectos 
250 |a 7a. ed 
300 |a 371 p 
942 |c BK 
945 |d 20130829 16:44:00  |a cmena 
260 |a Ciudad de México  |b McGraw-Hill  |c 2013 
650 0 |a Gestión de proyectos  |9 260970 
650 7 |a EVALUACION ECONOMICA  |2 CL-VaPUC  |9 306196 
650 0 |a Planificación estratégica   |9 259735 
650 0 |a Toma de decisiones   |9 257530 
650 7 |a EVALUACION DE MERCADOS  |2 CL-VaPUC  |9 559153 
583 |a last modification  |c 20130829 16:44:00  |k Rodrigo Vera 
999 |c 352901  |d 352899 
952 |0 0  |1 0  |3 erb  |4 0  |6 658_404000000000000_BAC_2013  |7 0  |8 R  |9 457684  |a BIBENE  |b BIBENE  |d 2019-11-23  |i 5004926  |o 658.404 BAC 2013  |p 5004926  |r 2025-01-15  |w 2019-11-23  |y BK_R  |z Catalogado en:20130829  |k ICO 
952 |0 0  |1 0  |3 erb  |4 0  |6 658_404000000000000_BAC_2013  |7 0  |8 R  |9 457685  |a BIBENE  |b BIBENE  |d 2019-11-23  |i 5004934  |l 7  |o 658.404 BAC 2013  |p 5004934  |r 2025-01-15  |s 2024-11-07  |w 2019-11-23  |y BK_R  |z Catalogado en:20130829  |k ICO 
952 |0 0  |1 0  |3 erb  |4 0  |6 658_404000000000000_BAC_2013  |7 0  |8 R  |9 457686  |a BIBENE  |b BIBENE  |d 2019-11-23  |i 5004942  |o 658.404 BAC 2013  |p 5004942  |r 2025-01-15  |w 2019-11-23  |y BK_R  |z Catalogado en:20130829  |k ICO 
952 |0 0  |1 0  |3 erb  |4 0  |6 658_404000000000000_BAC_2013  |7 0  |8 R  |9 457687  |a BIBENE  |b BIBENE  |d 2019-11-23  |i 5004950  |l 1  |o 658.404 BAC 2013  |p 5004950  |r 2025-01-15  |s 2022-11-04  |w 2019-11-23  |y BK_R  |z Catalogado en:20130829  |k ICO 
952 |0 0  |1 0  |3 erb  |4 0  |6 658_404000000000000_BAC_2013  |7 0  |8 R  |9 457688  |a BIBENE  |b BIBENE  |d 2019-11-23  |i 5004969  |o 658.404 BAC 2013  |p 5004969  |r 2025-01-15  |w 2019-11-23  |y BK_R  |z Catalogado en:20130829  |k ICO 
952 |0 0  |1 0  |3 erb  |4 0  |6 658_404000000000000_BAC_2013  |7 0  |8 R  |9 457689  |a BIBENE  |b BIBENE  |i 5118891  |o 658.404 BAC 2013  |p 5118891  |r 2025-01-15  |w 2019-11-23  |y BK_R  |z Catalogado en:20141016  |k ICO